000 00825nam a2200265 i 4500
001 000011264
003 DO-SdBPM
005 20260511091906.0
008 260511b |||||||| |||| 00| 0 spa d
020 _a9993425532
040 _aDO-SdBPM
_bspa
_cBPMSU
_drda
082 0 4 _a616.462
_bM863m 2004
_222
100 1 _aMorla Báez, Elbi,
_eautor
_4aut.
245 1 0 _aManual para el niño y adolescente con diabetes mellitus /
_cElbi Morla Báez
264 1 _aSanto Domingo :
_bINTEC,
_c2004
300 _a98 páginas ;
_c22 cm.
336 _2rdacontent
_atexto
_btxt
337 _2rdamedia
_asin mediación
_bn
338 _2rdacarrier
_avolumen
_bnc
590 _aInventariado, 2026/VM
650 7 _a Diabetes mellitus
650 7 _a Diabetes juvenil
910 _aVMateo V. Control de calidad. BPMSU
942 _2ddc
_cBK
999 _c15835
_d15835